[Event "Ch France (team) (nat.1) 2008/09"]
[Site "France"]
[Date "2009.02.07"]
[Round "6"]
[White "Drasko Milan (MNE)"]
[Black "Jellouli Moez (FRA)"]
[Result "1-0"]
[WhiteElo "2527"]
[BlackElo "2082"]

1.Nf3 Nf6 2.g3 g6 3.Bg2 Bg7 4.d4 d5 5.c4 c6 6.cxd5 cxd5 7.Nc3 Nc6 8.Ne5 O-O
9.O-O Bf5 10.Nxc6 bxc6 11.Bf4 Ne4 12.Na4 g5 13.Be3 e5 14.Rc1 Qd7 15.f3 Nd6
16.dxe5 Nc4 17.Bxg5 Bxe5 18.e4 Bh3 19.b3 Bxg2 20.Kxg2 Nb2 21.Nc5 Qd6 22.Qd2
dxe4 23.Qxd6 exf3+ 24.Rxf3 Bxd6 25.Bf6 {#r} 1-0

[Event "It (open)"]
[Site "Bunratty (Ireland)"]
[Date "2009.02.20"]
[Round "1"]
[White "Baburin Alexander (IRL)"]
[Black "Wolferink Frans (NED)"]
[Result "1-0"]
[WhiteElo "2544"]
[BlackElo "2105"]

1.d4 Nf6 2.c4 g6 3.Nf3 Bg7 4.g3 O-O 5.Bg2 c6 6.Nc3 d5 7.cxd5 cxd5 8.Ne5 Nc6
9.O-O Be6 10.Nxc6 bxc6 11.Bf4 Nh5 12.Be3 Rb8 13.Na4 c5 14.Nxc5 Rxb2 15.Nxe6
fxe6 16.Qd3 Qa5 17.Bh3 Kf7 18.Rfc1 Rd8 19.a4 Rd6 20.Rc2 Rb4 21.Bd2 Rxa4
22.Bxa5 Rxa1+ 23.Kg2 Rxa5 24.Rc8 Nf6 25.Qc2 g5 26.Qd2 Ra4 27.Qxg5 Rxd4 28.Rc7
Bh8 29.Qe5 {#r} 1-0

[Event "It (open)"]
[Site "Bad Woerishofen (Germany)"]
[Date "2009.03.08"]
[Round "4"]
[White "Mueller Oliver (GER)"]
[Black "Wilhelm Andreas (GER)"]
[Result "1-0"]
[WhiteElo "2297"]
[BlackElo "2024"]

1.d4 Nf6 2.c4 g6 3.Nc3 Bg7 4.Nf3 O-O 5.g3 c6 6.Bg2 d5 7.cxd5 cxd5 8.O-O Nc6
9.Ne5 e6 10.Nxc6 bxc6 11.Na4 Nd7 12.Bf4 e5 13.dxe5 g5 14.Be3 Nxe5 15.Rc1 Bd7
16.b3 f5 17.Bd4 f4 18.Bxe5 Bxe5 19.Bxd5+ cxd5 20.Qxd5+ Rf7 21.Qxe5 Bxa4
22.bxa4 Qf6 23.Qxf6 Rxf6 24.Rc7 Ra6 25.Rd1 fxg3 26.hxg3 Rxa4 27.Rdd7 h6
28.Rg7+ Kf8 29.Rh7 Kg8 30.Rhg7+ Kf8 31.Rcf7+ Ke8 32.Rf3 g4 33.Rg8+ {#r} 1-0

[Event "Tournament (regional)"]
[Site "Colombia"]
[Date "2009.03.22"]
[Round "3"]
[White "Ocampo Cristian David"]
[Black "Lopez Idarraga Daniel Eduardo"]
[Result "0-1"]
[WhiteElo "1612"]
[BlackElo "1957"]

1.Nf3 c5 2.g3 Nc6 3.Bg2 g6 4.O-O Bg7 5.c3 Nf6 6.d4 cxd4 7.cxd4 d5 8.Nc3 O-O
9.Bf4 a6 10.Qc1 Bg4 11.e3 Rc8 12.Ne5 Bf5 13.Qd2 Ne4 14.Nxe4 dxe4 15.Nxc6 bxc6
16.Qe2 c5 17.dxc5 e5 18.g4 exf4 19.gxf5 f3 20.Bxf3 exf3 21.Qxf3 Rxc5 22.fxg6
hxg6 23.Rfd1 Qh4 24.Kh1 Rf5 25.Qg3 Qxg3 26.fxg3 Bxb2 27.Rab1 Rf2 28.Rd6 a5
{#R} 0-1

[Event "Czech League 2008/09 (2nd) (a)"]
[Site "Czech Republic"]
[Date "2009.03.22"]
[Round "10"]
[White "Stluka Petr (CZE)"]
[Black "Erban Tomas (CZE)"]
[Result "1-0"]
[WhiteElo "2185"]
[BlackElo "2138"]

1.Nf3 d5 2.g3 Nf6 3.Bg2 g6 4.O-O Bg7 5.d4 O-O 6.c4 c6 7.cxd5 cxd5 8.Nc3 Nc6
9.Ne5 e6 10.Nxc6 bxc6 11.Bf4 Qe7 12.Rc1 Nh5 13.Be3 e5 14.dxe5 Qxe5 15.Bc5 Rd8
16.e3 Bd7 17.Bd4 Qg5 18.Na4 Nf6 19.Nc5 Be8 20.Qc2 Nd7 21.Bxg7 Kxg7 22.Nb7 Rdc8
23.Nd6 Rc7 24.Qc3+ Kg8 25.Qa5 Nb6 26.e4 Qe5 27.Nxe8 Rxe8 28.exd5 cxd5 29.Rce1
{#r} 1-0

[Event "Ch Croatia (team) (3rd league)"]
[Site "Rijeka (Croatia)"]
[Date "2009.04.04"]
[Round "1"]
[White "Rukavina Damir (CRO)"]
[Black "Pacic Andrej (CRO)"]
[Result "1-0"]
[WhiteElo "2274"]
[BlackElo "2179"]

1.Nf3 g6 2.g3 Bg7 3.d4 d5 4.Bg2 Nf6 5.O-O O-O 6.c4 c6 7.cxd5 cxd5 8.Nc3 Nc6
9.Ne5 e6 10.Nxc6 bxc6 11.Qc2 Nd7 12.Rd1 Ba6 13.e4 Qb6 14.Na4 Qb4 15.Bd2 Qc4
16.Bc3 Bb5 17.b3 Bxa4 18.Bf1 {#r} 1-0

[Event "Ch France (juniors)"]
[Site "Aix les Bains (France)"]
[Date "2009.04.21"]
[Round "4"]
[White "Bain-Thouverez Aurelien (FRA)"]
[Black "Lahmar Elies (FRA)"]
[Result "1-0"]
[WhiteElo "1641"]
[BlackElo "1680"]

1.Nf3 d5 2.g3 Nf6 3.Bg2 g6 4.O-O Bg7 5.c4 c6 6.cxd5 cxd5 7.d4 Nc6 8.Nc3 O-O
9.Re1 e6 10.a4 Qb6 11.b3 Ne4 12.Nxe4 dxe4 13.Nd2 Bxd4 14.Nc4 Bxf2+ 15.Kf1 Qd4
16.Bb2 Qxd1 17.Rexd1 Bc5 18.Bxe4 f6 19.Bxc6 bxc6 20.Na5 Rb8 21.Rac1 Bb6
22.Nxc6 Rb7 23.Ba3 Re8 24.Ne7+ Rbxe7 25.Bxe7 Kf7 26.Bc5 Ba6 27.Rd7+ Kg8
28.Bxb6 axb6 29.Rcc7 Rc8 30.Rxc8+ Bxc8 31.Rd8+ {#r} 1-0

[Event "It (open)"]
[Site "Karlovy Vary (Czech Republic)"]
[Date "2009.05.03"]
[Round "7"]
[White "Most Zdenek (CZE)"]
[Black "Petrun Milan (CZE)"]
[Result "0-1"]
[WhiteElo "2122"]
[BlackElo "1966"]

1.d4 Nf6 2.Nf3 d5 3.g3 c6 4.Bg2 g6 5.O-O Bg7 6.c4 O-O 7.cxd5 cxd5 8.Nc3 Nc6
9.Bg5 Ne4 10.Bf4 Nxc3 11.bxc3 Be6 12.Ng5 Bf5 13.e4 dxe4 14.Nxe4 e5 15.Bg5 f6
16.Be3 exd4 17.cxd4 Rc8 18.Rc1 Qe7 19.Nc5 b6 20.d5 Ne5 21.d6 Qe8 22.Qb3+ Kh8
23.Na6 Qd7 24.Rfd1 Bg4 25.Rf1 Be2 26.Qa3 Nc4 27.Rxc4 Rxc4 28.Re1 Ra4 29.Qc1
Rc4 30.Qd2 Bg4 31.Bf4 Re8 32.Nc7 Rxe1+ 33.Qxe1 g5 34.Qe7 Rxc7 {#R} 0-1

[Event "Ch Spain (team) (selecciones Autonomicas)"]
[Site "Villava (Spain)"]
[Date "2009.05.03"]
[Round "6"]
[White "Massanet Massanet Sebastian (ESP)"]
[Black "Diaz Sanchez Jose Francisco (ESP)"]
[Result "1-0"]
[WhiteElo "2297"]
[BlackElo "1922"]

1.d4 d5 2.Nf3 Nf6 3.g3 g6 4.Bg2 Bg7 5.O-O O-O 6.c4 c6 7.cxd5 cxd5 8.Nc3 e6
9.Ne5 Nbd7 10.f4 Ne8 11.b3 f6 12.Nf3 Nb6 13.a4 a5 14.Qd3 Nd6 15.Ba3 Rf7
16.Rac1 Ne8 17.g4 Bd7 18.h4 e5 19.dxe5 Bxg4 20.exf6 Bf5 21.Qd4 Bxf6 22.Ne5 Ng7
23.Nxd5 Nxd5 24.Qxd5 Bxe5 25.fxe5 Qxh4 26.Rc7 Be6 27.Rcxf7 Bxd5 28.Rf8+ Rxf8
29.Rxf8# 1-0

[Event "Ch Scotland (open)"]
[Site "Edinburgh (Scotland)"]
[Date "2009.06.07"]
[Round "7"]
[White "Greet Andrew (ENG)"]
[Black "Green Andrew (SCO)"]
[Result "1-0"]
[WhiteElo "2443"]
[BlackElo "2203"]

1.d4 Nf6 2.Nf3 g6 3.g3 Bg7 4.Bg2 O-O 5.O-O c6 6.c4 d5 7.cxd5 cxd5 8.Nc3 Ne4
9.Ne5 Nxc3 10.bxc3 f6 11.Nd3 Nc6 12.Rb1 Kh8 13.e4 dxe4 14.Bxe4 Qc7 15.d5 Ne5
16.Nxe5 Qxe5 17.Re1 Qxc3 18.Bf3 Qc5 19.Rb3 Bf5 20.Ba3 Qa5 21.Rxe7 Rfe8 22.Kg2
b6 23.d6 Rad8 24.Rbe3 Rf8 25.Qd5 Qa4 26.Qb7 Bd7 27.h4 f5 28.Rxg7 Kxg7 29.Bb2+
Kh6 30.Re7 Rg8 31.Qd5 Rdf8 32.Bc1+ g5 33.hxg5+ Kg6 34.Re6+ {#r} 1-0

[Event "It (open)"]
[Site "Albena (Bulgaria)"]
[Date "2009.06.27"]
[Round "8"]
[White "Spiridonov Nikola (BUL)"]
[Black "Ivanov Bogidar (BUL)"]
[Result "0-1"]
[WhiteElo "2359"]
[BlackElo "2166"]

1.Nf3 c5 2.g3 Nc6 3.Bg2 g6 4.c3 Bg7 5.d4 cxd4 6.cxd4 Qb6 7.e3 Nf6 8.O-O d6
9.Nc3 O-O 10.d5 Nb8 11.h3 Nfd7 12.e4 Nc5 13.Qe2 Bd7 14.Be3 Nba6 15.Rfd1 Rfc8
16.Bd4 Bxd4 17.Nxd4 Na4 18.Nxa4 Bxa4 19.b3 Be8 20.h4 Rc5 21.h5 Bd7 22.Bf3 Rac8
23.Kg2 Qd8 24.e5 dxe5 25.Qxe5 Qf8 26.hxg6 hxg6 27.Re1 Re8 28.Rh1 Qg7 29.Qe3 b6
30.Rh4 {#R} 0-1

[Event "Cup Greece (final)"]
[Site "Halkidiki (Greece)"]
[Date "2009.07.01"]
[Round "2"]
[White "Skembris Spyridon (GRE)"]
[Black "Mitigas Spyridon (GRE)"]
[Result "1-0"]
[WhiteElo "2452"]
[BlackElo "2171"]

1.d4 Nf6 2.c4 g6 3.Nc3 Bg7 4.Nf3 O-O 5.g3 c6 6.Bg2 d5 7.cxd5 cxd5 8.O-O Nc6
9.Ne5 Be6 10.Nxc6 bxc6 11.Na4 Qc8 12.Bg5 Bh3 13.Rc1 Bxg2 14.Kxg2 Qg4 15.Bxf6
Bxf6 16.e3 Qe4+ 17.Qf3 Qe6 18.Rc3 Qd6 19.Rfc1 Rac8 20.Nc5 Bg7 21.Nd3 f6 22.a3
a5 23.b4 e5 24.bxa5 e4 25.Qf4 Qe7 26.Nb4 g5 27.Qf5 {#r} 1-0

[Event "Tournament (open) \"]
[Site "Rome (Italy)"]
[Date "2009.07.11"]
[Round "3"]
[White "Nass Emile (FRA)"]
[Black "Lisi Davide (ITA)"]
[Result "1-0"]
[WhiteElo "2186"]
[BlackElo "2023"]

1.d4 Nf6 2.Nf3 g6 3.g3 Bg7 4.Bg2 d5 5.O-O O-O 6.c4 c6 7.cxd5 cxd5 8.Ne5 Nc6
9.Nc3 Bf5 10.Nxc6 bxc6 11.Na4 Ne4 12.Be3 e5 13.Rc1 Qd7 14.dxe5 Bxe5 15.Bd4 Bd6
16.f3 Ng5 17.g4 Bxg4 18.fxg4 Qxg4 19.e4 Qh4 20.e5 Bb8 21.Nc5 f5 22.Nd7 Rf7
23.Nxb8 Rxb8 24.Rxc6 Rb4 25.Rc8+ Kg7 26.e6+ Rxd4 27.exf7 Kxf7 28.Qe1 Qg4
29.Rc7+ {#r} 1-0

[Event "It (open)"]
[Site "Galapagar (Spain)"]
[Date "2009.07.19"]
[Round "2"]
[White "Sanchez-Alarcos Galian Victor (ESP)"]
[Black "Olias Munoz Francisco (ESP)"]
[Result "1-0"]
[WhiteElo "2146"]
[BlackElo "1929"]

1.d4 Nf6 2.Nf3 g6 3.g3 Bg7 4.Bg2 O-O 5.O-O d5 6.c4 c6 7.cxd5 cxd5 8.Nc3 Nc6
9.Ne5 Nxe5 10.dxe5 Ng4 11.Qxd5 Nxe5 12.Bg5 Nc6 13.Qxd8 Rxd8 14.Bxc6 bxc6
15.Rac1 Bxc3 16.Rxc3 f6 17.Be3 Ba6 18.Rxc6 Bxe2 19.Re1 Bf3 20.Rc7 e5 21.b4 Rd6
22.b5 a5 23.Bc5 Rd2 24.Be7 Rb8 25.a4 f5 26.Bf6 e4 27.Rg7+ Kf8 28.Rxh7 Rb6
29.Rc1 Rd1+ 30.Rxd1 Bxd1 31.Bd4 Re6 32.b6 {#r} 1-0

[Event "Memorial M.Najdorf (open)"]
[Site "Warsaw (Poland)"]
[Date "2009.07.26"]
[Round "9"]
[White "Lagowski Patryk (POL)"]
[Black "Bugajski Robert (POL)"]
[Result "0-1"]
[WhiteElo "2349"]
[BlackElo "2193"]

1.d4 Nf6 2.c4 g6 3.Nc3 Bg7 4.Nf3 O-O 5.g3 c6 6.Bg2 d5 7.cxd5 cxd5 8.Ne5 Nc6
9.O-O e6 10.Nxc6 bxc6 11.Na4 Nd7 12.Bf4 Ba6 13.Rc1 Qa5 14.Bd6 Rfe8 15.Re1 Bb5
16.Nc3 Qb6 17.e3 a5 18.Qb3 a4 19.Qa3 e5 20.Nxb5 Qxb5 21.dxe5 Nxe5 22.Rc5 Qb7
23.Bxe5 Bxe5 24.Rc2 Reb8 25.Ree2 Ra5 26.e4 d4 27.f4 Qb5 28.Red2 Bg7 29.e5 Bf8
30.Qf3 c5 31.Qd5 Qb6 32.Bf1 c4 {#R} 0-1

[Event "Memorial Perini (open)"]
[Site "Senigallia (Italy)"]
[Date "2009.08.03"]
[Round "3"]
[White "Dvirnyy Daniyyl (ITA)"]
[Black "Ferrante Marco (ITA)"]
[Result "1-0"]
[WhiteElo "2440"]
[BlackElo "2128"]

1.Nf3 d5 2.g3 Nf6 3.Bg2 g6 4.O-O Bg7 5.c4 c6 6.cxd5 cxd5 7.Nc3 O-O 8.d4 Nc6
9.Ne5 Be6 10.Bf4 Nh5 11.e3 f6 12.Nd3 Bf7 13.g4 Nxf4 14.Nxf4 e6 15.Rc1 Qb8
16.Nd3 Rd8 17.f4 e5 18.fxe5 fxe5 19.Rxf7 Kxf7 20.Bxd5+ Ke7 21.Qf3 Rxd5
22.Nxd5+ Kd6 23.N5b4 Ne7 24.Nc5 {#r} 1-0

[Event "Tournament (Elo) (c)"]
[Site "Budapest (Hungary)"]
[Date "2009.08.04"]
[Round "4"]
[White "Jorgensen Orla Eilegaard (DEN)"]
[Black "Solti Gergely (HUN)"]
[Result "0-1"]
[WhiteElo "1660"]
[BlackElo "1839"]

1.c4 Nf6 2.Nc3 d5 3.d4 g6 4.Nf3 Bg7 5.g3 O-O 6.Bg2 c6 7.cxd5 cxd5 8.O-O Bf5
9.Re1 Nc6 10.a3 Rc8 11.e3 Re8 12.Nh4 Be6 13.Qd3 Qd7 14.b4 Bh3 15.Bh1 e5
16.dxe5 Nxe5 17.Qd2 Qc7 18.Nxd5 Nxd5 19.Bb2 Nf6 20.Rac1 Qe7 21.f4 Nc4 {#R} 0-1

[Event "It (open) \"]
[Site "Berlin (Germany)"]
[Date "2009.08.23"]
[Round "9"]
[White "Hertwig Christopher (GER)"]
[Black "Tiemer Klaus (GER)"]
[Result "1-0"]
[WhiteElo "2063"]
[BlackElo "2067"]

1.Nf3 Nf6 2.g3 d5 3.Bg2 g6 4.O-O Bg7 5.d4 O-O 6.c4 c6 7.cxd5 cxd5 8.Ne5 Ng4
9.Bf4 Nxe5 10.Bxe5 Nc6 11.Bxg7 Kxg7 12.Nc3 e6 13.Qd2 Qf6 14.Rfd1 Rd8 15.h4 h6
16.Rac1 Bd7 17.e4 dxe4 18.Nxe4 Qe7 19.Nc5 Be8 20.Qc3 f6 21.d5 exd5 22.Re1 Qd6
23.Re6 Qb8 24.Qxf6+ Kh7 25.Rce1 {#r} 1-0

[Event "It (open)"]
[Site "Brezova pod Bradlom (Slovakia)"]
[Date "2009.08.25"]
[Round "5"]
[White "Banduka Zeljko (SVK)"]
[Black "Szaraz Vojtech (SVK)"]
[Result "1-0"]
[WhiteElo "2207"]
[BlackElo "2012"]

1.d4 Nf6 2.g3 d5 3.Bg2 g6 4.c4 c6 5.Nf3 Bg7 6.O-O O-O 7.cxd5 cxd5 8.Nc3 Nc6
9.Ne5 e6 10.Nxc6 bxc6 11.Na4 Bd7 12.Bf4 Qe7 13.Nc5 Nh5 14.Be3 Rfb8 15.b3 Be8
16.f4 Nf6 17.h3 Nd7 18.Nd3 c5 19.dxc5 Bxa1 20.Qxa1 Rc8 21.Rc1 a5 22.Bd4 Ra6
23.a3 f5 24.Qb2 Nb8 25.Ne5 Nc6 26.Qd2 Kf8 27.Qe3 Raa8 28.h4 {#r} 1-0

[Event "Ch Russia (Higher League)"]
[Site "Ulan Ude (Russia)"]
[Date "2009.09.10"]
[Round "8"]
[White "Matlakov Maxim (RUS)"]
[Black "Amonatov Farrukh (TJK)"]
[Result "0-1"]
[WhiteElo "2550"]
[BlackElo "2641"]

1.d4 Nf6 2.c4 g6 3.Nf3 Bg7 4.g3 O-O 5.Bg2 c6 6.O-O d5 7.cxd5 cxd5 8.Ne5 Ng4
9.Nf3 Nc6 10.Nc3 e6 11.b3 Re8 12.Bb2 b6 13.Rc1 Bb7 14.Ba3 Nf6 15.Nb5 Ne4
16.Nd2 a6 17.Nc3 Nxc3 18.Rxc3 Nxd4 19.Rd3 Nb5 20.Nb1 Nxa3 21.Nxa3 b5 22.e4 d4
23.Nc2 e5 24.f4 exf4 25.Rxf4 Qe7 26.Nxd4 Rad8 27.Ne2 Bh6 28.Rf1 Be3+ 29.Rxe3
Rxd1 30.Rxd1 Rd8 31.Rxd8+ Qxd8 32.Kf2 b4 33.Nf4 Qd2+ 34.Re2 Qd4+ {#R} 0-1

[Event "Ch Russia (for the Deaf)"]
[Site "Zelenograd (Russia)"]
[Date "2009.09.13"]
[Round "3"]
[White "Varezhkin Viktor (RUS)"]
[Black "Marjevsky Maxim (RUS)"]
[Result "1-0"]
[WhiteElo "2188"]
[BlackElo "2077"]

1.Nf3 d5 2.g3 g6 3.Bg2 Bg7 4.d4 Nf6 5.O-O O-O 6.c4 c6 7.cxd5 cxd5 8.Ne5 Nbd7
9.f4 Qb6 10.Nc3 e6 11.Qd3 Ne8 12.b3 Nxe5 13.fxe5 Bxe5 14.e3 Bd6 15.e4 dxe4
16.Nxe4 Be7 17.Bh6 Ng7 18.Rad1 Bd7 19.Nf6+ Bxf6 20.Rxf6 Bb5 21.Qe3 Nf5 22.Rxf5
exf5 23.Qe5 f6 24.Qe7 Rf7 25.Bd5 {#r} 1-0

[Event "Ch Croatia (team) (b)"]
[Site "Sibenik (Croatia)"]
[Date "2009.09.28"]
[Round "8"]
[White "Cigler Milan (SVK)"]
[Black "Dulic Grgur (CRO)"]
[Result "0-1"]
[WhiteElo "1671"]
[BlackElo "2209"]

1.d4 Nf6 2.c4 g6 3.Nf3 Bg7 4.g3 O-O 5.Bg2 c6 6.Nc3 d5 7.cxd5 cxd5 8.O-O Nc6
9.b3 Bf5 10.Nh4 Be6 11.h3 Ne4 12.Nxe4 dxe4 13.Bxe4 Qxd4 14.Qxd4 Nxd4 15.Rb1
Nxe2+ 16.Kg2 Nc3 17.Bc2 Nxb1 18.Bxb1 Rfd8 19.Ba3 Bf6 20.Be4 Bd5 21.Bxd5 Rxd5
22.Nf3 Ra5 {#R} 0-1

[Event "It (open) \"]
[Site "Tatranske Zruby (Slovakia)"]
[Date "2009.09.28"]
[Round "2"]
[White "Banduka Zeljko (SVK)"]
[Black "Spik Peter (SVK)"]
[Result "0-1"]
[WhiteElo "2207"]
[BlackElo "2093"]

1.d4 d5 2.g3 Nf6 3.Bg2 g6 4.c4 c6 5.Nf3 Bg7 6.cxd5 cxd5 7.O-O O-O 8.Nc3 Nc6
9.Ne5 e6 10.Nxc6 bxc6 11.Na4 Nd7 12.Bf4 e5 13.dxe5 Nxe5 14.Rc1 Bd7 15.Nc5 Re8
16.Re1 g5 17.Be3 Bf5 18.Nb3 Nc4 19.Rxc4 dxc4 20.Nd4 Be4 21.Bh3 Qd5 22.Qd2 Rad8
23.Rd1 c5 24.Nb5 Qxd2 25.Rxd2 Rxd2 26.Bxd2 Bc6 27.Nxa7 Rxe2 28.Ba5 Bf3 29.Bg2
g4 30.h4 Bd4 31.Nb5 Bxf2+ 32.Kf1 Bxg3 33.Bxf3 gxf3 34.Bc3 Rc2 {#R} 0-1

[Event "Tournament"]
[Site "Bogota (Colombia)"]
[Date "2009.09.30"]
[Round "4"]
[White "Hernandez Cristian Andres (COL)"]
[Black "Martinez Martin (COL)"]
[Result "0-1"]
[WhiteElo "1910"]
[BlackElo "2135"]

1.d4 Nf6 2.c4 g6 3.Nf3 Bg7 4.g3 c6 5.Nc3 d5 6.cxd5 cxd5 7.Bg2 O-O 8.O-O Ne4
9.Qb3 Nc6 10.e3 Na5 11.Qb4 Nxc3 12.bxc3 Nc4 13.Nd2 a5 14.Qb5 Nd6 15.Qxd5 Be6
16.Qf3 Rc8 17.e4 Nb5 18.Bb2 a4 19.a3 Qa5 20.Rac1 Nxd4 21.cxd4 Qxd2 22.Bc3 Qa2
23.Ba1 Rxc1 24.Rxc1 Rc8 25.Rxc8+ Bxc8 26.Qc3 Qb1+ 27.Bf1 Bh3 {#R} 0-1

[Event "It (open)"]
[Site "Hoogeveen (Netherlands)"]
[Date "2009.10.20"]
[Round "5"]
[White "Vul Arkadi Eremeevich (RUS)"]
[Black "Kabos Tobias (NED)"]
[Result "1-0"]
[WhiteElo "2322"]
[BlackElo "2122"]

1.Nf3 Nf6 2.c4 g6 3.g3 Bg7 4.d4 O-O 5.Bg2 c6 6.O-O d5 7.cxd5 cxd5 8.Ne5 Nfd7
9.Bxd5 Nxe5 10.dxe5 Bxe5 11.Nc3 Nd7 12.Qb3 e6 13.Bg2 Qe7 14.Rd1 Rb8 15.Be3 b6
16.Rac1 a6 17.Ne4 Bb7 18.f4 Bd5 19.fxe5 Bxb3 20.Rxd7 Qb4 21.axb3 Rfd8 22.Rdc7
Qf8 23.Bg5 {#r} 1-0

[Event "It (open)"]
[Site "Hoogeveen (Netherlands)"]
[Date "2009.10.21"]
[Round "6"]
[White "Romanishin Oleg M (UKR)"]
[Black "De Jong Migchiel (NED)"]
[Result "1-0"]
[WhiteElo "2503"]
[BlackElo "2319"]

1.Nf3 Nf6 2.d4 g6 3.g3 d5 4.Bg2 Bg7 5.O-O O-O 6.c4 c6 7.cxd5 cxd5 8.Ne5 e6
9.Nc3 Nfd7 10.Nf3 Nc6 11.Qd3 Nb4 12.Qb1 Nb6 13.Bf4 Nc4 14.Qc1 Nc6 15.Rd1 Re8
16.Nb5 Re7 17.b3 Nb6 18.Bd6 Rd7 19.Bc5 a6 20.Nc3 Rb8 21.Qf4 Na8 22.Ba7 g5
23.Nxg5 e5 24.dxe5 Bxe5 25.Qf5 Bxc3 26.Qxh7+ Kf8 27.Bc5+ {#r} 1-0

[Event "It \"]
[Site "Moscow (Russia)"]
[Date "2009.11.16"]
[Round "2"]
[White "Tkachiev Vladislav (FRA)"]
[Black "Svidler Peter (RUS)"]
[Result "0-1"]
[WhiteElo "2650"]
[BlackElo "2739"]

1.d4 Nf6 2.c4 g6 3.g3 c6 4.Nc3 d5 5.cxd5 cxd5 6.Bg2 Bg7 7.Nf3 O-O 8.Ne5 e6
9.O-O Nfd7 10.f4 Nc6 11.Kh1 Nb6 12.b3 Bd7 13.Ba3 Re8 14.e4 Rc8 15.Rc1 f6
16.exd5 exd5 17.Nxd7 Qxd7 18.f5 Ne7 19.Bc5 Nxf5 20.Qf3 Bh6 21.Rce1 Ne3 22.Rf2
Nxg2 23.Rxe8+ Rxe8 24.Kxg2 Re3 25.Qxf6 Rxc3 26.Be7 Bg7 27.Qf7+ Kh8 28.Re2 Rc8
29.Qf3 Re8 {#R} 0-1

[Event "Czech League 2009/10 (krajsky prebor)"]
[Site "Czech Republic"]
[Date "2009.11.29"]
[Round "4"]
[White "Smejkal Jan (CZE)"]
[Black "Vorel Bohuslav (CZE)"]
[Result "1-0"]
[WhiteElo "1991"]
[BlackElo "1728"]

1.Nf3 d5 2.g3 Nf6 3.Bg2 g6 4.c4 c6 5.O-O Bg7 6.cxd5 cxd5 7.Nc3 O-O 8.d4 Nc6
9.Ne5 a6 10.Bg5 Be6 11.Rc1 Rc8 12.Nxc6 Rxc6 13.Qb3 Rb6 14.Qa3 Qd7 15.Na4 Rb5
16.Nc5 Qd8 17.Nxe6 fxe6 18.Rc2 h6 19.Bf4 Nd7 20.Qe3 Qb6 21.Bh3 Bxd4 22.Qxe6+
Qxe6 23.Bxe6+ Kg7 24.Bxd7 Rb4 25.Bd2 Rb6 26.e3 Bf6 27.Ba5 Rd6 28.Bh3 d4
29.exd4 Bxd4 30.Bb4 {#r} 1-0

[Event "Memorial Edoardo Crespi (open)"]
[Site "Milan (Italy)"]
[Date "2009.12.05"]
[Round "1"]
[White "Foisor Cristina Adela (ROM)"]
[Black "Bozzali Ermanno (ITA)"]
[Result "1-0"]
[WhiteElo "2424"]
[BlackElo "2080"]

1.Nf3 Nf6 2.g3 g6 3.Bg2 Bg7 4.O-O d5 5.c4 c6 6.cxd5 cxd5 7.d4 O-O 8.Nc3 Nc6
9.Ne5 Be6 10.Nxc6 bxc6 11.Na4 Nd7 12.b3 c5 13.Bb2 Rc8 14.Rc1 Bh6 15.e3 Bg7
16.Qd2 c4 17.bxc4 dxc4 18.Bc3 f6 19.Rb1 Rb8 20.Rb2 Rxb2 21.Qxb2 Nb6 22.Nxb6
axb6 23.Rb1 Bd5 24.e4 Bf7 25.Qxb6 Qxb6 26.Rxb6 Ra8 27.e5 Rxa2 28.e6 {#r} 1-0

[Event "Cup Rilton (open)"]
[Site "Stockholm (Sweden)"]
[Date "2009.12.27"]
[Round "1"]
[White "Grandelius Nils (SWE)"]
[Black "Gromova Iulia (RUS)"]
[Result "1-0"]
[WhiteElo "2515"]
[BlackElo "2238"]

1.Nf3 Nf6 2.c4 g6 3.Nc3 Bg7 4.g3 c6 5.d4 d5 6.cxd5 cxd5 7.Ne5 O-O 8.Bg2 e6
9.O-O Nfd7 10.f4 Nc6 11.b3 Nb6 12.a4 a5 13.Ba3 Ne7 14.Qd2 Bd7 15.Rfc1 Bc6
16.Nb5 Nbc8 17.e3 Re8 18.Bf1 f6 19.Nd3 Nf5 20.Nc5 Nfd6 21.Ra2 e5 22.dxe5 fxe5
23.Bb2 d4 24.fxe5 dxe3 25.Qxe3 Nf5 26.Bc4+ Kh8 27.Qf2 Qe7 28.Ne6 Bh6 29.Nf4
Ng7 30.Re1 Rb8 31.Ba3 Qg5 32.Nc7 Rxe5 33.Rxe5 Qxe5 34.Nxg6+ {#r} 1-0

[Event "Tournament (open)"]
[Site "Hellersdorf (Germany)"]
[Date "2010.01.10"]
[Round "5"]
[White "Nietsch Horst (GER)"]
[Black "Gressmann Moritz (GER)"]
[Result "1-0"]
[WhiteElo "2051"]
[BlackElo "1748"]

1.Nf3 Nf6 2.c4 g6 3.Nc3 Bg7 4.g3 O-O 5.Bg2 c6 6.O-O d5 7.cxd5 cxd5 8.d4 Nc6
9.Bg5 h6 10.Bf4 g5 11.Bc1 Ne4 12.e3 Nxc3 13.bxc3 e6 14.Ne1 Qc7 15.f4 gxf4
16.exf4 Re8 17.Nd3 Nxd4 18.Bd2 Nb5 19.Rc1 Nd6 20.Ne5 Nc4 21.Nxc4 Qxc4 22.Qe1
Bd7 23.Be3 Bb5 24.Rf2 Qa4 25.Qd2 f5 26.Bd4 Bxd4 27.cxd4 Rac8 28.Rxc8 Rxc8
29.Qe3 Kf7 30.h3 Qd1+ 31.Kh2 Rc1 32.Rb2 Bc6 33.Rd2 Qe1 34.Re2 {#r} 1-0

[Event "Czech League 2009/10 (2nd) (e)"]
[Site "Czech Republic"]
[Date "2010.01.17"]
[Round "5"]
[White "Vlach Karel"]
[Black "Kratochvil Karel (CZE)"]
[Result "1-0"]
[WhiteElo "2161"]
[BlackElo "2153"]

1.c4 Nf6 2.Nf3 g6 3.g3 Bg7 4.Bg2 O-O 5.O-O c6 6.d4 d5 7.cxd5 cxd5 8.Nc3 Nc6
9.Bf4 Bf5 10.Rc1 Ne4 11.Ne5 Nxc3 12.Rxc3 Nxe5 13.dxe5 e6 14.Qd2 Rc8 15.Rfc1
Rxc3 16.Rxc3 Qb8 17.Qd4 g5 18.Bxg5 Bxe5 19.Qh4 f6 20.Bf4 d4 21.Rc1 Rd8 22.Bxe5
Qxe5 23.Qh6 d3 24.exd3 Qxb2 25.Rc7 {#r} 1-0

[Event "Cup Giovanni Pico (open)"]
[Site "Mirandola (Italy)"]
[Date "2010.01.17"]
[Round "5"]
[White "Garofalo Sergio (ITA)"]
[Black "Paoli Walter (ITA)"]
[Result "0-1"]
[WhiteElo "1809"]
[BlackElo "2043"]

1.d4 Nf6 2.Nf3 g6 3.g3 Bg7 4.Bg2 c6 5.c4 d5 6.cxd5 cxd5 7.O-O O-O 8.Nc3 e6
9.Bf4 Bd7 10.Rc1 a6 11.Na4 Bxa4 12.Qxa4 Nc6 13.Qa3 Qd7 14.Rfd1 Rfc8 15.h3 Ne4
16.Ne5 Nxe5 17.Rxc8+ Rxc8 18.dxe5 Qb5 19.Bxe4 dxe4 20.Qe7 Rf8 21.Rd8 Qxb2
22.Be3 h5 23.g4 hxg4 24.Rxf8+ Bxf8 25.Qd8 gxh3 26.Bh6 Qa1+ 27.Kh2 Qxe5+
28.Kxh3 Qh5+ {#R} 0-1

[Event "It (open)"]
[Site "Napoli (Italy)"]
[Date "2010.01.21"]
[Round "2"]
[White "Sabia Corrado (ITA)"]
[Black "Capozzoli Silvio (ITA)"]
[Result "1-0"]
[WhiteElo "2192"]
[BlackElo "1918"]

1.g3 g6 2.Bg2 Bg7 3.Nf3 d5 4.c4 Nf6 5.d4 c6 6.O-O O-O 7.cxd5 cxd5 8.Ne5 Bf5
9.Qb3 Nc6 10.Nxc6 bxc6 11.Nc3 Nd7 12.Rd1 Rb8 13.Qa4 Qb6 14.b3 e5 15.dxe5 Bxe5
16.Be3 Qb4 17.Qxb4 Rxb4 18.Bd2 Rc8 19.Rac1 Rbb8 20.Be3 Bd6 21.Bxa7 Ra8 22.e4
Bg4 23.f3 Be6 24.Bf2 Ba3 25.Rc2 Nf6 26.Na4 Nd7 27.f4 Bg4 28.Rd4 dxe4 29.Bxe4
Ra6 30.Rdc4 c5 31.Bb7 Rd6 32.Bxc8 Bh3 33.Nc3 {#r} 1-0

[Event "It (cat.7)"]
[Site "Kecskemet (Hungary)"]
[Date "2010.01.26"]
[Round "4"]
[White "Ilincic Zlatko (SRB)"]
[Black "Padmini Rout (IND)"]
[Result "0-1"]
[WhiteElo "2447"]
[BlackElo "2326"]

1.d4 Nf6 2.c4 g6 3.g3 c6 4.Bg2 d5 5.cxd5 cxd5 6.Nf3 Bg7 7.Nc3 O-O 8.Ne5 e6
9.O-O Nfd7 10.f4 Nc6 11.Be3 Nb6 12.Bf2 f6 13.Nf3 f5 14.Ne5 Bd7 15.a4 a5 16.Qb3
Nb4 17.Rfc1 Qe7 18.Bf1 Rfc8 19.e3 Rc7 20.Nb5 Bxb5 21.axb5 Bf8 22.Rc3 Qd8
23.Be1 Nd7 24.Nf3 Nf6 25.Ng5 Re7 26.h3 h6 27.Nf3 Ne4 28.Kh2 Rg7 29.Qd1 Bd6
30.Rca3 Rc7 31.Bc3 Rac8 32.Rc1 Nd3 33.Bxd3 Bxa3 34.bxa3 Rxc3 {#R} 0-1